History Quiz

Random History or Clickable Quiz

Presidents of the EU Commission Quiz Stats

 Plays Quiz not verified by Sporcle

Challenge
Share
Tweet
Embed
Score 0/12 Timer 10:00
0 Plays Today
% Correct
José Manuel Barroso
89.3%
Jacques Delors
88%
Franco Maria Malfatti
78.7%
Romano Prodi
78.7%
Jacques Santer
77.3%
François-Xavia Ortoli
74.7%
Gaston Thorn
74.7%
Walter Hallstein
69.3%
Manuel Marín
69.3%
Jean Rey
64%
Sicco Mansholt
61.3%
Roy Jenkins
60%

You're not logged in!

Compare scores with friends on all Sporcle quizzes.
Join for Free
OR
Log In

You Might Also Like...

Show Comments

Extras

Top Quizzes Today


Score Distribution

Your Account Isn't Verified!

In order to create a playlist on Sporcle, you need to verify the email address you used during registration. Go to your Sporcle Settings to finish the process.

Report this User

Report this user for behavior that violates our Community Guidelines.

Details: